01042nam a2200253 a 4500001000900000005001700009008004100026020001500067020001500082020002400097040001800121050002400139100002200163245011200185260005400297300004600351500020700397504003100604600005100635650002900686700002000715700003300735700002000768BRCA_76620190320203136.0870624s1987 nyua---##c---#000-0#eng-d a0870995022 a0870995030 a0810917912 (Abrams) aDLCcDLCdDLC 4aND813.Z9b.B38 19871 aBaticle, Jeannine10aZurbaráncJeannine Baticle ; with essays by Yves Bottineau, Jonathan Brown, Alfonso E. Pérez Sánchez. aNueva YorkbThe Metropolitan Museum of Artcc1987 axv, 334 p.bil. (algunas a color)c29 cm. aCatálogo de la exposición realizada en The Metropolitan Museum of Art, (New York), 22 septiembre - 13 diciembre, 1987 y en la Galeries Nationales du Grand Palais (París), 14 enero - 11 abril, 1988 aBibliografía: p. 315-32714aZurbarán, Franciscod1598-1664vExposiciones14aPintoresySiglo XVI-XVII1 aBottineau, Yves1 aPérez Sánchez, Alfonos E1 aBrown, Jonathan